[Event "NRW Class1 1011"]
[Site "Germany"]
[Date "2010.10.24"]
[Round "2.1"]
[White "Berg, Michael"]
[Black "Budde, Vladimir"]
[Result "1-0"]
[WhiteElo "2321"]
[BlackElo "2267"]
[PlyCount "71"]
[EventDate "2010.09.26"]
[EventType "team-tourn"]
[EventRounds "9"]
[EventCountry "GER"]
[SourceTitle "EXT 2012"]
[Source "ChessBase"]
[SourceDate "2011.11.24"]
[SourceVersion "1"]
[SourceVersionDate "2011.11.24"]
[SourceQuality "1"]
[WhiteTeam "Solingen III"]
[BlackTeam "Wuerselen"]
[WhiteTeamCountry "GER"]
[BlackTeamCountry "GER"]

1. d4 Nf6 2. c4 c5 3. d5 a6 4. Nc3 e5 5. e4 d6 6. Nf3 Be7 7. Be2 Nbd7 8. 0-0 0-0 9. Ne1 Ne8 10. Nd3 g6 11. a4 Ng7 12. f4 exf4 13. Bxf4 f6 14. Qd2 Rf7 15. a5 Rb8 16. Na4 Qc7 17. Qc3 Rf8 18. Bh6 b5 19. axb6 Nxb6 20. Nf4 Nxa4 21. Rxa4 Qb6 22. Qg3 Rf7 23. Nxg6 hxg6 24. Qxg6 Bd7 25. Ra3 f5 26. Rh3 Bf6 27. Bf4 Bd4+ 28. Kh1 Bf6 29. b3 Be8 30. Rh7 Qd8 31. Qh6 Kf8 32. Bh5 Ke7 33. Bxf7 Bxf7 34. Bg5 Ne8 35. Qg6 Kd7 36. Rxf7+ 1-0

[Event "GER-ch 75th"]
[Site "Hoeckendorf"]
[Date "2004.02.06"]
[Round "8"]
[White "Budde, Vladimir"]
[Black "Roeschlau, Bernd"]
[Result "1-0"]
[WhiteElo "2309"]
[BlackElo "2295"]
[PlyCount "43"]
[EventDate "2004.01.30"]
[EventType "swiss"]
[EventRounds "9"]
[EventCountry "GER"]
[SourceTitle "CBM 100"]
[Source "ChessBase"]
[SourceDate "2004.06.01"]
[SourceVersion "1"]
[SourceVersionDate "2004.06.01"]
[SourceQuality "1"]

1. e4 c5 2. Ne2 d6 3. d4 cxd4 4. Nxd4 Nf6 5. Nc3 a6 6. Bc4 e6 7. Bb3 Nbd7 8. f4 Nc5 9. e5 Nfd7 10. exd6 Nf6 11. Qf3 Bxd6 12. Be3 e5 13. fxe5 Nxb3 14. exf6 Nxa1 15. Qe4+ Kd7 16. fxg7 Re8 17. Qf5+ Kc7 18. Qxf7+ Bd7 19. Nd5+ Kb8 20. 0-0 Bc6 21. Nxc6+ bxc6 22. Nf6 1-0

[Event "GER-ch 75th"]
[Site "Hoeckendorf"]
[Date "2004.02.03"]
[Round "6"]
[White "Dresen, Ulrich"]
[Black "Budde, Vladimir"]
[Result "1-0"]
[WhiteElo "2312"]
[BlackElo "2309"]
[PlyCount "67"]
[EventDate "2004.01.30"]
[EventType "swiss"]
[EventRounds "9"]
[EventCountry "GER"]
[SourceTitle "CBM 100"]
[Source "ChessBase"]
[SourceDate "2004.06.01"]
[SourceVersion "1"]
[SourceVersionDate "2004.06.01"]
[SourceQuality "1"]

1. d4 Nf6 2. Nf3 g6 3. c3 Bg7 4. Bg5 0-0 5. Nbd2 d6 6. e4 Nc6 7. Bb5 Nd7 8. 0-0 f6 9. Bh4 Qe8 10. d5 Nce5 11. Nd4 a6 12. Be2 Nb8 13. f4 c5 14. Ne6 Bxe6 15. fxe5 Bc8 16. e6 b5 17. a4 Bb7 18. Qb3 g5 19. Bg3 h5 20. Qd1 h4 21. Bh5 Qc8 22. Bg6 f5 23. Qh5 Rf6 24. Rxf5 Kf8 25. Qh7 Rxf5 26. exf5 Nd7 27. exd7 Qxd7 28. Ne4 Bxd5 29. f6 exf6 30. Bxd6+ Qxd6 31. Nxd6 Bg8 32. Qh5 Rd8 33. Re1 b4 34. Qe2 1-0

[Event "GER-ch 75th"]
[Site "Hoeckendorf"]
[Date "2004.02.03"]
[Round "5"]
[White "Riegler, Dieter"]
[Black "Budde, Vladimir"]
[Result "1/2-1/2"]
[WhiteElo "2182"]
[BlackElo "2309"]
[PlyCount "61"]
[EventDate "2004.01.30"]
[EventType "swiss"]
[EventRounds "9"]
[EventCountry "GER"]
[SourceTitle "CBM 100"]
[Source "ChessBase"]
[SourceDate "2004.06.01"]
[SourceVersion "1"]
[SourceVersionDate "2004.06.01"]
[SourceQuality "1"]

1. d4 Nf6 2. c4 e6 3. Nc3 Bb4 4. Qc2 c5 5. dxc5 Na6 6. a3 Qa5 7. Bd2 Nxc5 8. 0-0-0 Bxa3 9. bxa3 Qb6 10. Qb2 Nb3+ 11. Kc2 Qxf2 12. Kxb3 d5 13. cxd5 exd5 14. Ka2 0-0 15. Bg5 d4 16. Bxf6 Be6+ 17. Ka1 gxf6 18. Ne4 Qe3 19. Nxf6+ Kh8 20. Ng4 Bxg4 21. Qxd4+ Qxd4+ 22. Rxd4 Rac8 23. Kb2 Rg8 24. Nf3 a5 25. h3 Rg6 26. hxg4 Rb6+ 27. Ka1 Rc1+ 28. Ka2 Rc2+ 29. Ka1 Rbb2 30. e3 Ra2+ 31. Kb1 1/2-1/2

[Event "NRW-ch"]
[Site "Aachen"]
[Date "2003.10.23"]
[Round "6"]
[White "Budde, Vladimir"]
[Black "Stanetzek, Carsten"]
[Result "0-1"]
[WhiteElo "2308"]
[BlackElo "2246"]
[PlyCount "96"]
[EventDate "2003.10.??"]
[EventType "tourn"]
[EventRounds "7"]
[EventCountry "GER"]
[SourceTitle "EXT 2005"]
[Source "ChessBase"]
[SourceDate "2004.11.15"]
[SourceVersion "1"]
[SourceVersionDate "2004.11.15"]
[SourceQuality "1"]

1. d4 d5 2. c4 c6 3. Nf3 Nf6 4. Nc3 e6 5. e3 Bd6 6. Bd3 Nbd7 7. 0-0 0-0 8. e4 dxc4 9. Bxc4 e5 10. Bg5 Qe7 11. d5 Nb6 12. Bb3 cxd5 13. Bxd5 h6 14. Bh4 g5 15. Bg3 Nbxd5 16. Nxd5 Nxd5 17. Qxd5 Be6 18. Qd2 Rfd8 19. Rfc1 f6 20. Qe3 b6 21. Nd2 Rd7 22. Qe2 Rad8 23. Nf1 Bc5 24. Kh1 Qd6 25. Qf3 Kg7 26. h3 Qd3 27. Ne3 Bxe3 28. fxe3 Bf7 29. Rf1 Qd6 30. Be1 a5 31. a3 Bc4 32. Rf2 Qe6 33. Rc1 Rd6 34. b3 Bxb3 35. Rc7+ R6d7 36. Rxd7+ Rxd7 37. Bc3 Bd1 38. Qg3 Rd3 39. Bb2 Qd6 40. Kh2 Qe6 41. Rf1 Qd6 42. Qe1 Bh5 43. Qc1 Bg6 44. Qc8 Bxe4 45. Rc1 Qd8 46. Qe6 Rd2 47. Qc4 Rxg2+ 48. Kh1 Rg4+ 0-1

[Event "NRW-ch"]
[Site "Aachen"]
[Date "2003.10.22"]
[Round "5"]
[White "Becker, Joerg"]
[Black "Budde, Vladimir"]
[Result "1-0"]
[WhiteElo "2154"]
[BlackElo "2308"]
[PlyCount "141"]
[EventDate "2003.10.??"]
[EventType "tourn"]
[EventRounds "7"]
[EventCountry "GER"]
[SourceTitle "EXT 2005"]
[Source "ChessBase"]
[SourceDate "2004.11.15"]
[SourceVersion "1"]
[SourceVersionDate "2004.11.15"]
[SourceQuality "1"]

1. Nf3 c5 2. c4 Nf6 3. Nc3 d5 4. cxd5 Nxd5 5. g3 Nc6 6. Bg2 Nc7 7. 0-0 e5 8. d3 Be7 9. b3 0-0 10. Bb2 Bg4 11. h3 Be6 12. Rc1 f6 13. Ne4 b6 14. Nc3 Qd7 15. Kh2 Rac8 16. Qd2 Rfd8 17. Rfd1 Nd4 18. Ng1 Qe8 19. e3 Nc6 20. Qe2 Bf8 21. Ne4 Nb4 22. Ba1 Bd5 23. Nf3 Ne6 24. Nh4 Qf7 25. f4 f5 26. Nf2 exf4 27. gxf4 Bxg2 28. Nxg2 Bd6 29. Rg1 Re8 30. Qb2 Nd5 31. Rce1 Rc7 32. h4 Rce7 33. Nh3 Nf6 34. Kh1 Qh5 35. Qe2 Ng4 36. Qf3 Bc7 37. Rgf1 Qf7 38. e4 h6 39. Ne3 Nxe3 40. Rxe3 Nd4 41. Bxd4 cxd4 42. Re2 Qf6 43. e5 Qf7 44. Rc2 Bd8 45. Rg1 Rd7 46. h5 Qd5 47. Qxd5+ Rxd5 48. Rg6 Kf8 49. Ng1 Rc5 50. Rxc5 bxc5 51. Nf3 Kf7 52. Rc6 Be7 53. Ra6 Ra8 54. Nd2 Ke8 55. Nc4 Kd8 56. Kg2 Kc7 57. Rg6 Bf8 58. Kf3 a5 59. a4 Kd8 60. Rb6 Ke8 61. Rb5 Ra6 62. Rxa5 Re6 63. Ra8+ Kf7 64. a5 g5 65. hxg6+ Rxg6 66. a6 Rg1 67. Nb6 Ra1 68. Na4 c4 69. dxc4 Bb4 70. Rd8 Rf1+ 71. Kg2 1-0

[Event "NRW-ch"]
[Site "Germany"]
[Date "2002.10.15"]
[Round "4"]
[White "Budde, Vladimir"]
[Black "Richter, Christian"]
[Result "1-0"]
[WhiteElo "2315"]
[BlackElo "2327"]
[PlyCount "67"]
[EventDate "2002.10.12"]
[EventType "tourn"]
[EventRounds "7"]
[EventCountry "GER"]
[EventCategory "2"]
[SourceTitle "CBM 091 Extra"]
[Source "ChessBase"]
[SourceDate "2003.01.09"]
[SourceVersion "1"]
[SourceVersionDate "2003.01.09"]
[SourceQuality "1"]

1. d4 Nf6 2. c4 g6 3. Nc3 Bg7 4. e4 d6 5. h3 0-0 6. Bg5 Na6 7. Nf3 h6 8. Be3 e5 9. d5 c6 10. Bd3 Nc5 11. Bc2 Qb6 12. Rb1 a5 13. Nd2 Qa6 14. 0-0 Bd7 15. f4 exf4 16. Bxf4 cxd5 17. exd5 Qb6 18. Be3 Rae8 19. Qf3 Qd8 20. Rbe1 Nh7 21. Kh1 f5 22. Qg3 Qf6 23. Bxc5 dxc5 24. Qc7 Bc8 25. Qxc5 Qh4 26. Nf3 Qh5 27. d6 Bd7 28. Qd5+ Kh8 29. Qxb7 Nf6 30. Rxe8 Bxe8 31. c5 g5 32. Ne2 Bf7 33. Ng3 Bd5 34. Qxd5 1-0

[Event "Oberliga NRW 0102 I"]
[Site "Germany"]
[Date "2002.03.10"]
[Round "7.4"]
[White "Werbeck, Torsten"]
[Black "Budde, Vladimir"]
[Result "0-1"]
[WhiteElo "2256"]
[BlackElo "2310"]
[PlyCount "32"]
[EventDate "2001.10.??"]
[EventType "team"]
[EventRounds "9"]
[EventCountry "GER"]
[SourceTitle "EXT 2004"]
[Source "ChessBase"]
[SourceDate "2003.11.25"]
[SourceVersion "1"]
[SourceVersionDate "2003.11.25"]
[SourceQuality "1"]
[WhiteTeam "Krefeld"]
[BlackTeam "Aachen"]
[WhiteTeamCountry "GER"]
[BlackTeamCountry "GER"]

1. d4 Nf6 2. Nf3 e6 3. c4 b6 4. g3 Ba6 5. b3 d5 6. Qc2 Bb4+ 7. Nbd2 Nbd7 8. Bg2 c5 9. cxd5 exd5 10. dxc5 Bxc5 11. 0-0 0-0 12. Re1 Rc8 13. Qb1 Qe7 14. e3 Ne4 15. Bb2 Bb4 16. Rd1 Nc3 0-1

[Event "Oberliga NRW 0102 I"]
[Site "Germany"]
[Date "2001.11.11"]
[Round "3.4"]
[White "Balduan, Markus"]
[Black "Budde, Vladimir"]
[Result "1/2-1/2"]
[WhiteElo "2309"]
[BlackElo "2310"]
[PlyCount "74"]
[EventDate "2001.10.??"]
[EventType "team"]
[EventRounds "9"]
[EventCountry "GER"]
[SourceTitle "EXT 2004"]
[Source "ChessBase"]
[SourceDate "2003.11.25"]
[SourceVersion "1"]
[SourceVersionDate "2003.11.25"]
[SourceQuality "1"]
[WhiteTeam "Solingen II"]
[BlackTeam "Aachen"]
[WhiteTeamCountry "GER"]
[BlackTeamCountry "GER"]

1. c4 e6 2. Nf3 d5 3. d4 Nf6 4. Nc3 c6 5. cxd5 exd5 6. Qc2 Na6 7. a3 Nc7 8. Bg5 Bg4 9. Ne5 Bh5 10. e3 Ne6 11. Bh4 Bg6 12. Bd3 Bxd3 13. Qxd3 Be7 14. 0-0 0-0 15. b4 a5 16. b5 c5 17. Bxf6 Bxf6 18. Ng4 cxd4 19. Nxf6+ Qxf6 20. Nxd5 Qe5 21. Qf5 Qxf5 22. Ne7+ Kh8 23. Nxf5 d3 24. Rfd1 Rfd8 25. Rac1 g6 26. Nd4 Nxd4 27. exd4 Rxd4 28. Rc7 Re8 29. Kf1 Kg7 30. Rxb7 a4 31. Rc7 Rb8 32. Rc3 Rxb5 33. Rcxd3 Rxd3 34. Rxd3 Rb3 35. Ke2 Rb2+ 36. Rd2 Rb6 37. Rd4 Rb2+ 1/2-1/2

[Event "Oberliga NRW 0102 I"]
[Site "Germany"]
[Date "2001.10.21"]
[Round "2.5"]
[White "Huelsmann, Josef"]
[Black "Budde, Vladimir"]
[Result "1-0"]
[WhiteElo "2255"]
[BlackElo "2310"]
[PlyCount "109"]
[EventDate "2001.10.??"]
[EventType "team"]
[EventRounds "9"]
[EventCountry "GER"]
[SourceTitle "EXT 2004"]
[Source "ChessBase"]
[SourceDate "2003.11.25"]
[SourceVersion "1"]
[SourceVersionDate "2003.11.25"]
[SourceQuality "1"]
[WhiteTeam "Monheim"]
[BlackTeam "Aachen"]
[WhiteTeamCountry "GER"]
[BlackTeamCountry "GER"]

1. d4 Nf6 2. Nf3 e6 3. e3 b6 4. Nbd2 c5 5. b3 Bb7 6. Bd3 Nc6 7. 0-0 cxd4 8. exd4 Nb4 9. Be2 Nbd5 10. Bb2 Qc7 11. Bc4 Nf4 12. Re1 Be7 13. Bf1 0-0 14. g3 Ng6 15. Bg2 Rac8 16. Rc1 Rfe8 17. a3 Qb8 18. Ne5 Bxg2 19. Kxg2 b5 20. Qf3 d5 21. h4 Nxe5 22. dxe5 Nd7 23. Qh5 Qb6 24. Nf3 h6 25. b4 Rc4 26. Nd2 Rc7 27. Nb3 Rec8 28. Re2 Bf8 29. Bd4 Qa6 30. Na5 g6 31. Qg4 h5 32. Qf4 Nb6 33. g4 hxg4 34. h5 Nc4 35. Nxc4 Rxc4 36. hxg6 fxg6 37. Qxg4 Bg7 38. c3 Qc6 39. Rh1 Qe8 40. Re3 R8c7 41. Rf3 Bxe5 42. Qh4 Rxd4 43. cxd4 g5 44. Qg4 Bh8 45. Rh5 Bxd4 46. Rxg5+ Bg7 47. Rf6 d4 48. Rfg6 Qc6+ 49. f3 Qb7 50. Qxe6+ Kf8 51. Qd6+ Kg8 52. Qe6+ Kf8 53. Rf6+ Rf7 54. Rxf7+ Qxf7 55. Rf5 1-0

[Event "Duesseldorf Nord Cup 2nd"]
[Site "Duesseldorf"]
[Date "1996.??.??"]
[Round "5"]
[White "Budde, Vladimir"]
[Black "Zrinscak, Stephen"]
[Result "1-0"]
[WhiteElo "2305"]
[BlackElo "2050"]
[PlyCount "101"]
[EventDate "1996.??.??"]
[EventType "swiss"]
[EventRounds "7"]
[EventCountry "GER"]
[SourceTitle "EXT 1999"]
[Source "ChessBase"]
[SourceDate "1998.11.16"]
[SourceVersion "1"]
[SourceVersionDate "1998.11.16"]
[SourceQuality "1"]

1. d4 Nf6 2. c4 c5 3. d5 e6 4. Nc3 exd5 5. cxd5 d6 6. e4 g6 7. f4 Bg7 8. Bb5+ Nfd7 9. a4 0-0 10. Nf3 a6 11. Be2 Re8 12. 0-0 Nf6 13. e5 dxe5 14. fxe5 Ng4 15. e6 fxe6 16. Bc4 exd5 17. Bxd5+ Kh8 18. Ng5 Nh6 19. Kh1 Nc6 20. Bf4 Nd4 21. Qd2 Bf5 22. Bxb7 Ra7 23. Bd5 Rd7 24. Rae1 Rf8 25. Bc4 Nf3 26. Qc1 Nxe1 27. Rxe1 Ng4 28. h3 Nf2+ 29. Kh2 Nd3 30. Bxd3 Rxd3 31. Nf3 h5 32. Be5 Kh7 33. Ng5+ Kg8 34. Bxg7 Kxg7 35. Nce4 Qb8+ 36. Kh1 Qb4 37. Nxc5 Rd6 38. Nce6+ Bxe6 39. Nxe6+ Rxe6 40. Rxe6 Qxa4 41. Qc3+ Kh6 42. Qg3 Qc2 43. Qe3+ Kg7 44. Re7+ Rf7 45. Qe5+ Kg8 46. Re8+ Rf8 47. Qe6+ Kg7 48. Re7+ Kh6 49. Qe3+ g5 50. Qb6+ Qg6 51. Re6 1-0

[Event "BL2-West 9596"]
[Site "Germany"]
[Date "1996.??.??"]
[Round "?.3"]
[White "Holzke, Frank"]
[Black "Budde, Vladimir"]
[Result "1/2-1/2"]
[WhiteElo "2375"]
[BlackElo "2305"]
[PlyCount "58"]
[EventDate "1995.10.??"]
[EventType "team-tourn"]
[EventRounds "9"]
[EventCountry "GER"]
[SourceTitle "GER-chT2"]
[Source "ChessBase"]
[SourceDate "1999.07.01"]
[SourceVersion "1"]
[SourceVersionDate "1999.07.01"]
[SourceQuality "1"]
[WhiteTeam "Koeln Porz II"]
[BlackTeam "Aachen"]
[WhiteTeamCountry "GER"]
[BlackTeamCountry "GER"]

1. e4 c6 2. d4 d5 3. exd5 cxd5 4. c4 Nf6 5. Nc3 e6 6. Nf3 Be7 7. cxd5 Nxd5 8. Bd3 Nc6 9. 0-0 0-0 10. Re1 Nf6 11. a3 b6 12. Ne5 Bb7 13. Ba6 Qc8 14. Bxb7 Qxb7 15. Nxc6 Qxc6 16. d5 Qc4 17. Qe2 Qb3 18. dxe6 Bc5 19. exf7+ Rxf7 20. Be3 Re8 21. Qb5 Qxb5 22. Nxb5 Rfe7 23. b4 Bxe3 24. Rxe3 Rxe3 25. fxe3 a5 26. Nd6 Re6 27. Nc4 Rc6 28. Ne5 Re6 29. Nc4 Rc6 1/2-1/2

[Event "Duesseldorf Nord Cup 2nd"]
[Site "Duesseldorf"]
[Date "1996.??.??"]
[Round "6"]
[White "Schmitz, Andreas"]
[Black "Budde, Vladimir"]
[Result "1/2-1/2"]
[WhiteElo "2140"]
[BlackElo "2305"]
[PlyCount "71"]
[EventDate "1996.??.??"]
[EventType "swiss"]
[EventRounds "7"]
[EventCountry "GER"]
[SourceTitle "EXT 1999"]
[Source "ChessBase"]
[SourceDate "1998.11.16"]
[SourceVersion "1"]
[SourceVersionDate "1998.11.16"]
[SourceQuality "1"]

1. e4 g6 2. d4 d6 3. Nc3 Bg7 4. Be3 Nf6 5. f3 c6 6. a4 0-0 7. Qd2 Nbd7 8. Bd3 e5 9. Nge2 Re8 10. 0-0 Qe7 11. Bg5 Qf8 12. Bc4 Nb6 13. Ba2 Be6 14. d5 cxd5 15. exd5 Bd7 16. a5 Nc8 17. Bb3 Nh5 18. Ba4 Bxa4 19. Rxa4 h6 20. Be3 f5 21. f4 a6 22. Rb4 Re7 23. fxe5 dxe5 24. Bc5 Qd8 25. Bxe7 Qxe7 26. Na4 Nf6 27. c4 Ne4 28. d6 Ncxd6 29. Qd5+ Kh7 30. Rb6 Rb8 31. Nc5 Rd8 32. Qe6 Qg5 33. Nxe4 Nxe4 34. Rxb7 Qe3+ 35. Kh1 Nf6 36. Rf7 1/2-1/2

[Event "Oberliga NRW 9495 I"]
[Site "Germany"]
[Date "1995.??.??"]
[Round "7.3"]
[White "Dormann, Lars"]
[Black "Budde, Vladimir"]
[Result "1/2-1/2"]
[WhiteElo "2285"]
[BlackElo "2315"]
[PlyCount "117"]
[EventDate "1994.10.??"]
[EventType "team"]
[EventRounds "9"]
[EventCountry "GER"]
[SourceTitle "GER"]
[Source "ChessBase"]
[SourceDate "1999.07.01"]
[SourceVersion "1"]
[SourceVersionDate "1999.07.01"]
[SourceQuality "1"]
[WhiteTeam "Muenster II"]
[BlackTeam "Aachen"]
[WhiteTeamCountry "GER"]
[BlackTeamCountry "GER"]

1. e4 c5 2. Nc3 e6 3. g3 d5 4. exd5 exd5 5. d3 Nf6 6. Bg2 Be7 7. Nge2 d4 8. Ne4 Nxe4 9. Bxe4 Nd7 10. 0-0 Nf6 11. Bg2 0-0 12. Re1 Bd6 13. Bd2 Rb8 14. h3 Bd7 15. Nf4 Qb6 16. b3 Bc6 17. Nh5 Nxh5 18. Qxh5 Bxg2 19. Kxg2 Qc6+ 20. Qf3 Rbc8 21. a4 Rfd8 22. Re4 Bf8 23. Rae1 h6 24. Re5 Qxf3+ 25. Kxf3 b6 26. g4 a6 27. R5e4 Ra8 28. Bf4 Rdc8 29. Re5 Rd8 30. R5e4 Rac8 31. Bd2 b5 32. Ba5 Rd6 33. Re8 Rf6+ 34. Kg2 Rfc6 35. Rxc8 Rxc8 36. Re5 bxa4 37. bxa4 Bd6 38. Rd5 Rc6 39. c3 dxc3 40. Bxc3 f6 41. d4 cxd4 42. Rxd4 Kf7 43. Bb4 Be5 44. Rd7+ Kg6 45. Bf8 Rc7 46. Rxc7 Bxc7 47. Kf3 Bb6 48. h4 Kf7 49. Ba3 g6 50. h5 f5 51. Bc1 fxg4+ 52. Kxg4 Bxf2 53. Bxh6 gxh5+ 54. Kxh5 Ke6 55. Kg4 Kd5 56. Kf3 Bc5 57. Ke2 Kc4 58. Be3 Bb4 59. Bb6 1/2-1/2